000 00903nam0a22002891 4500
001 v19\rc\1798028
005 20260406073109.0
035 _a(NLR Aleph) 004899871
090 _a5362751
_c5362751
100 _a20071130d1907 |||y0rusy50 ca
101 0 _arus
102 _aRU
105 _ay z |||a|
200 1 _aЧто комната говорит
_eРассказ для детей
_eС рис.
_fВ.П. Авенариус
205 _a8-е изд.
210 _aМосква
_cА.Д. Ступин
_d1907
215 _a32 с.
_d26
700 1 _8rus
_7ca
_aАвенариус
_bВ. П.
_gВасилий Петрович
_f1839-1923
_3RU\NLR\AUTH\7731153
_914164
801 0 _aRU
_bNLR
_gpsbo
801 0 _aRU
_bRuMoRGB
_2psbo
801 1 _aRU
_bProSoft-M
_2rusmarc
801 2 _aRU
_bNLR
_c20140218
_2rusmarc
852 _aNLR
_j34.52.5.373
899 _aRuMoRGB
899 _aБАН
942 _cBOOK
980 _aNB